| 000 | 01303nam a2200325 a 4500 | ||
|---|---|---|---|
| 001 | ebr10613045 | ||
| 003 | CaPaEBR | ||
| 006 | m u | ||
| 007 | cr cn||||||||| | ||
| 008 | 121029s2012 dcuab sb 001 0 eng d | ||
| 020 | _z9780821396209 | ||
| 020 | _z9780821395752 | ||
| 020 | _z9780821395769 (e-book) | ||
| 040 |
_aCaPaEBR _cCaPaEBR |
||
| 035 | _a(OCoLC)818143155 | ||
| 050 | 1 | 4 |
_aHF5381 _b.J63 2012eb |
| 245 | 0 | 0 |
_aJobs _h[electronic resource]. |
| 260 |
_aWashington, D.C. : _bWorld Bank, _c2012. |
||
| 300 |
_axviii, 401 p. : _bcol. ill., col. maps. |
||
| 440 | 0 |
_aWorld development report, _x0163-5085 ; _v2013 |
|
| 504 | _aIncludes bibliographical references and index. | ||
| 505 | 0 | _apt. 1. Jobs are transformational -- pt. 2. What are good jobs for development? -- pt. 3. Policies through the jobs lens. | |
| 533 |
_aElectronic reproduction. _bPalo Alto, Calif. : _cebrary, _d2011. _nAvailable via World Wide Web. _nAccess may be limited to ebrary affiliated libraries. |
||
| 650 | 0 | _aOccupations. | |
| 650 | 0 | _aCareer development. | |
| 650 | 0 | _aVocational guidance. | |
| 655 | 7 |
_aElectronic books. _2local |
|
| 710 | 2 | _aebrary, Inc. | |
| 856 | 4 | 0 |
_uhttp://site.ebrary.com/lib/rucke/Doc?id=10613045 _zAn electronic book accessible through the World Wide Web; click to view |
| 999 |
_c204970 _d204970 |
||